000 00330nam a2200121Ia 4500
008 231129s9999||||xx |||||||||||||| ||spa||
020 _a84-7525-271-0
040 _bspa
082 _aR 621.8 M111
245 0 _aMaquinas y transporte
264 _aEdiciones Generales Anaya.
942 _2ddc
_cBKS
999 _c20610
_d20610